| 000 | 00438nam a2200169Ia 4500 | ||
|---|---|---|---|
| 003 | LK-CoDNM | ||
| 008 | 010623t1953 xxu||||| |||| 00| 1 eng d | ||
| 040 |
_aLK-CoDNM _dLK-CoDNM _eLK-CoDNM |
||
| 041 | _aeng | ||
| 080 |
_a398 _bGOR |
||
| 100 | _aGoris,R. | ||
| 245 | _aBali:Atlas Kebudajaan:cults customs | ||
| 260 |
_bGovt.of Republic of Indonesia _aIndonesia _c1953 |
||
| 300 | _b210p,Pl., 30 cm | ||
| 650 | _aOrnament | ||
| 942 | _cBK | ||
| 999 |
_c102887 _d102887 |
||